000 00248nam a2200097Ia 4500
008 200302s9999 xx 000 0 und d
100 _aJean -Eudes Roullier
245 _aFrench New Towns
260 _bGie Villes Nouvelles de france
300 _a358 P.,
999 _c5676
_d5676